| 000 | 00819nam a2200229Ia 4500 | ||
|---|---|---|---|
| 003 | GCL | ||
| 008 | 140319s9999 xx 000 0 ara d | ||
| 040 |
_aGCL / _cGCL |
||
| 082 | 0 | 4 |
_a953.071 _bس م |
| 100 | 1 | _aسحر السيد عبدالعزيز سالم | |
| 245 | 1 | 0 |
_aمدينه فارس ودورها فى التاريخ السياسى والحضارى ( الاندلس فى العصر الاسلامى ) / _cسحر السيد عبدالعزيز سالم |
| 260 |
_a[S.N] : _bمؤسسة شباب الجامعة ، _c1990 |
||
| 300 | _a160 ص | ||
| 490 | _a | ||
| 650 | 0 | 4 | _aالاندلس |
| 650 | 0 | 4 | _aالتاريخ الاسلامى |
| 650 | 0 | 4 | _aانتشار الاسلام |
| 650 | 0 | 4 | _aفتح الاندلس |
| 650 | 0 | 4 | _aالحضارة الاسلامية |
| 650 | 0 | 4 | _aفارس |
| 942 |
_2ddc _cBK |
||
| 999 |
_c31783 _d31783 |
||